000 01455nam a2200289 i 4500
003 DO-SdBNP
005 20250902133035.0
007 ta
008 250508b2024 dr co || |||| 00| 0 spa d
020 _a9789945223927
040 _aDO-SdBNP
_bspa
_cBNPHU
_erda
041 _aspa
082 4 _axxx
_bN714cr
_222
100 1 _aNina Gómez, Carlos
_eautor
_4aut.
_96492
245 1 0 _aCrónicas de un periodista viajero :
_bEscenarios del boxeo mundial /
_cCarlos Nina Gómez ; prólogo, Ricardo Nieves.
264 1 _aSanto Domingo :
_bEditora Búho,
_c2024.
300 _a291 páginas :
_bilustraciones, retratos, fotografías ;
_c24 cm.
336 _atexto
_btxt
_2rdacontent
337 _asin mediación
_bn
_2rdamedia
338 _avolumen
_bnc
_2rdacarrier
500 _aIncluye datos biografícos del autor en la solapa de la contracubierta.
520 _aCrónicas de un periodista viajero -Escenarios del boxeo mundial- es una obra cuyo contenido resalta el trabajo del autor durante sus constantes viajes al extranjero, en especial a Estados Unidos, para cubrir grandes peleas del boxeo mundial. En el libro se resalta la estelaridad de los más capacitados boxeadores así como el gran negocio que representa el boxeo cuyos principales escenarios son las ciudades de Las Vegas, Nevada, Nueva York, Miami y Texas.
590 _aInventariado, 2025 /LP
700 1 _aNieves, Ricardo,
_eprologuista
_4pr.
_910759
910 _aLP
942 _2ddc
_cLBS1
999 _c58975
_d58975